'J' geography sampler Quiz Stats

 Plays Quiz not verified by Sporcle

Also try: 'G' in Asia
Challenge
Share
Tweet
Embed
Score 0/35 Timer 15:00
0 Plays Today
category answer % Correct
countriesJapan
92.8%
world capitalsJakarta, Indonesia
92.5%
Asian citiesJakarta, Indonesia
92.5%
countriesJamaica
88.2%
countriesJordan
87.5%
North American citiesJackson, U.S.A.
75.2%
North American citiesJacksonville, U.S.A.
73.2%
African citiesJohannesburg, South Africa
68.6%
world capitalsJerusalem, Israel
63.6%
North American citiesJuárez, Mexico
35.5%
Asian citiesJaipur, India
34%
Asian citiesJeddah, Saudi Arabia
30.9%
North American citiesJersey City, U.S.A.
27.4%
African citiesJuba, Sudan
24.4%
European citiesJena, Germany
21.1%
European citiesJerez de la Frontera, Spain
21%
Asian citiesJinan, China
17.8%
African citiesJos, Nigeria
15.8%
category answer % Correct
European citiesJaén, Spain
15.1%
Asian citiesJilin, China
14%
South American citiesJoinville, Brazil
11.9%
South American citiesJoão Pessoa, Brazil
10.1%
North American citiesJiutepec, Mexico
7.9%
European citiesJaworzno, Poland
6.8%
South American citiesJaboatão dos Guararapes, Brazil
6.6%
Oceanian citiesJayapura, Indonesia
6.6%
South American citiesJuiz de Fora, Brazil
6.3%
Oceanian citiesJindabyne, Australia
6.1%
Oceanian citiesJimboomba, Australia
5.9%
Oceanian citiesJunee, Australia
5.7%
Oceanian citiesJacobs Well, Australia
5.3%
African citiesJalingo, Nigeria
5.1%
South American citiesJundiaí, Brazil
4%
African citiesJimeta, Nigeria
2.8%
European citiesJastrzębie-Zdrój, Poland
1.1%

You're not logged in!

Compare scores with friends on all Sporcle quizzes.
OR
Log In

You Might Also Like...

Show Comments

Extras

Top Quizzes Today


Score Distribution

Your Account Isn't Verified!

In order to create a playlist on Sporcle, you need to verify the email address you used during registration. Go to your Sporcle Settings to finish the process.

Report this User

Report this user for behavior that violates our Community Guidelines.

Details: